000 00305nam a22001337a 4500
003 SGT
020 _a978-0-7923-7423-0
082 _a511.322
_bZIM
100 _aZIMMERMANN, H.J.
245 _aFUZZY SET THEORY AND ITS APPLICATIONS
250 _a4TH
260 _aUSA
_bSPRINGER
_c2001
942 _2ddc
_cBK
999 _c22485
_d22485